Správa o vývoji hospodárstva v okrese Čadca za rok ...

Bibliographic Details
Corporate Author: Slovensko. Štatistický úrad. Okresné oddelenie Čadca
Format: Journal
Language:Slovak
PhysicalDescription:zv. grafy, tab. 21 cm
Published: Čadca Okresné oddelenie Štatistického úradu SR
Series:Bulletin
Subjects:

MARC

LEADER 00000nas a2200000 a 4500
001 vtls001246578
003 SK-MaSNL
005 20260228163508.0
008 160414d199u199uxo ar|p 0 0|0slo
035 |a SNK000197397 
040 |a SNK  |b slo  |c SNK  |e AACR2 
041 0 |a slo 
043 |a e-xo--- 
044 |a xo  |c SK 
072 7 |a 33  |x Ekonómia  |2 konspekt 
080 |a 330.34  |2 2011 
080 |a (437.641)  |2 2011 
080 |a (048.8:083.41)  |2 2011 
080 |a (036)  |2 2011 
110 1 |a Slovensko.  |b Štatistický úrad.  |b Okresné oddelenie Čadca  |9 274143 
245 1 0 |a Správa o vývoji hospodárstva v okrese Čadca za rok ... 
260 |a Čadca  |b Okresné oddelenie Štatistického úradu SR 
300 |a zv.  |b grafy, tab.  |c 21 cm 
310 |a 1x ročne 
490 1 |a Bulletin 
500 |a Popis podľa: r. 1993 
500 |a Súčasťou názvu je označenie kalendárneho roku 
650 0 7 |a ekonomický rozvoj  |2 SNKPH  |9 49952 
651 7 |a Čadca (Slovensko : okres)  |2 SNKPH  |9 74719 
655 7 |a štatistické prehľady  |2 SNKPH  |9 70689 
655 7 |a informačné publikácie  |2 SNKPH  |9 70181 
830 |a Bulletin  |9 274137 
910 |a snk 
999 |c 9629  |d 11559 
952 |0 0  |1 0  |4 0  |7 0  |a SNK  |b SNK  |d 1997-06-03  |i snkKSP 5560/97  |l 0  |o snkČSD 1949/E/1996  |p 17A0069822  |r 2005-01-02 00:00:00  |w 2026-02-21  |y PREZ 
952 |0 0  |1 0  |4 0  |7 0  |a SNK  |b SNK  |d 2019-01-08  |i snkKSP 4959/94  |l 0  |o snkČSD 1949/E/1993  |p 17A0882187  |r 2026-02-21 22:20:27  |w 2026-02-21  |y PREZ 
952 |0 0  |1 0  |4 0  |7 0  |8 0  |a SNK  |b SNK  |d 2019-01-08  |i snk2019/353  |l 0  |o snkČSD 1949/E/1994  |p 17A1342088  |r 2026-02-21 22:20:27  |w 2026-02-21  |y PREZ 
952 |0 0  |1 0  |4 0  |7 0  |8 0  |a SNK  |b SNK  |d 2019-01-08  |i snk2019/356  |l 0  |o snkČSD 1949/E/1995  |p 17A1342087  |r 2026-02-21 22:20:27  |w 2026-02-21  |y PREZ